Instrument relating to violations of the principle of non-intervention. (Record no. 51428)

MARC details
000 -LEADER
fixed length control field 00832cam a22002171 4500
001 - CONTROL NUMBER
control field pa 60000034
003 - CONTROL NUMBER IDENTIFIER
control field DLC
005 - DATE AND TIME OF LATEST TRANSACTION
control field 20260227111855.0
008 - FIXED-LENGTH DATA ELEMENTS--GENERAL INFORMATION
fixed length control field 780321s1959 dcu i000 0 eng c
010 ## - LIBRARY OF CONGRESS CONTROL NUMBER
LC control number pa 60000034
040 ## - CATALOGING SOURCE
Original cataloging agency Pan American Union. Library
Transcribing agency WMaUCS
Modifying agency DLC
050 00 - LIBRARY OF CONGRESS CALL NUMBER
Classification number KZ6368
Item number .I578 1959
082 00 - DEWEY DECIMAL CLASSIFICATION NUMBER
Classification number 341.65
110 2# - MAIN ENTRY--CORPORATE NAME
Corporate name or jurisdiction name as entry element Inter-American Juridical Committee.
245 10 - TITLE STATEMENT
Title Instrument relating to violations of the principle of non-intervention.
Remainder of title Draft and report prepared in accordance with Resolution VII of the fifth Meeting of Consultation of Ministers of Foreign Affairs.
260 ## - PUBLICATION, DISTRIBUTION, ETC.
Place of publication, distribution, etc. Washington,
Name of publisher, distributor, etc. Pan American Union,
Date of publication, distribution, etc. 1959.
300 ## - PHYSICAL DESCRIPTION
Extent 29 p.
Dimensions 28 cm.
490 1# - SERIES STATEMENT
Series statement CIJ-51 (English)
650 #0 - SUBJECT ADDED ENTRY--TOPICAL TERM
Topical term or geographic name entry element Intervention (International law)
810 2# - SERIES ADDED ENTRY--CORPORATE NAME
Corporate name or jurisdiction name as entry element Inter-American Council of Jurists.
Title of a work CIJ, English,
Volume/sequential designation 51.

No items available.

Powered by Koha